ბათუმის შოთა რუსთაველის სახელმწიფო უნივერსიტეტის ბიბლიოთეკა

ქართული მწერლობა:ოცდაათ ტომად.ტ4 (ბიბ.ჩანაწერი № 43595)

000 -LEADER
fixed length control field 00852nam a2200205Ia 4500
001 - CONTROL NUMBER
control field 10329
003 - CONTROL NUMBER IDENTIFIER
control field GE_BSU
008 - FIXED-LENGTH DATA ELEMENTS--GENERAL INFORMATION
fixed length control field 181216s||||||||xx |||||||||||||| ||und||
040 ## - CATALOGING SOURCE
Transcribing agency GE_BSU
245 ## - TITLE STATEMENT
Title ქართული მწერლობა:ოცდაათ ტომად.ტ4
245 ## - TITLE STATEMENT
Remainder of title შოთა რუსთაველი
245 ## - TITLE STATEMENT
Statement of responsibility, etc. შემდგ.ა.ბაქრაძე,რ.თვარაძე,სარედ.კოლ.ა.ბაქრაძე და სხვ. ტომის რედ.ს.ცაიშვილი. მხატვ.გ.ღლონტი
260 ## - PUBLICATION, DISTRIBUTION, ETC.
Place of publication, distribution, etc. თბილისი
260 ## - PUBLICATION, DISTRIBUTION, ETC.
Name of publisher, distributor, etc. ნაკადული
260 ## - PUBLICATION, DISTRIBUTION, ETC.
Date of publication, distribution, etc. 1988
300 ## - PHYSICAL DESCRIPTION
Extent 415გვ.20სმ.
653 ## - INDEX TERM--UNCONTROLLED
Uncontrolled term ქართული მწერლობა
653 ## - INDEX TERM--UNCONTROLLED
Uncontrolled term შოთა რუსთაველი
942 ## - ADDED ENTRY ELEMENTS (KOHA)
Koha item type წიგნი
ეგზემპლარები
Withdrawn status Lost status Damaged status Not for loan Date acquired Barcode Date last seen Price effective from Koha item type
        2018-12-17 34090 2018-12-17 2018-12-17 წიგნი
        2018-12-17 34091 2018-12-17 2018-12-17 წიგნი
        2018-12-17 34092 2018-12-17 2018-12-17 წიგნი
        2018-12-17 34093 2018-12-17 2018-12-17 წიგნი